000 01319cam a22003855i 4500
001 18556056
003 EG-ScBUE
005 20230220045636.0
008 150407t2015 caua f 001 0 eng d
020 _a9780321984388
020 _a0321984382
040 _aYDXCP
_beng
_erda
_cYDXCP
_dOCLCQ
_dCDX
_dOCLCQ
_dBTCTA
_dBDX
_dOCLCF
_dEG-ScBUE
082 0 4 _a777.9
_222
_bGRE
100 1 _aGress, Jon,
_eauthor.
_938344
245 1 0 _a[Digital] visual effects & compositing /
_cJon Gress.
246 3 0 _aVisual effects & compositing
246 3 _aDigital Visual effects and compositing
264 1 _aSan Francisco :
_bNew Riders / Peachpit / Pearson Education,
_c[2015]
264 4 _cc2015
300 _axxii, 530 pages :
_billustrations ;
_c24 cm
336 _2rdacontent
_atext
_btxt
337 _2rdamedia
_aunmediated
_bn
338 _2rdacarrier
_avolume
_bnc
500 _aIncludes index.
650 7 _aCinematography
_xSpecial effects.
_2BUEsh
650 7 _aComputer drawing
_xSpecial effects.
_2BUEsh
650 7 _aImage processing
_xDigital techniques.
_2BUEsh
650 7 _aMotion pictures
_xEditing.
_2BUEsh
_913884
650 7 _aDigital cinematography.
_2BUEsh
650 7 _aDigital video.
_2BUEsh
651 _2BUEsh
653 _bCOMAME
_cJune2015
_cAugust2015
655 _vReading book
942 _2ddc
_cBB
999 _c19631
_d19603